00387nam a2200157 a 45000010005000000030009000050080041000140400028000550820018000831000019001012450011001202600040001313000010001714900025001816500023002061144CO-ViMGA141112s2004 ck r 000 u spa d aCO-ViMGAbspacCO-ViMGA04a923.134 G152f1 aFischer, Louis10aGandhi aBogotá : bJavier Vergara, c1983 a313 p aVergara bolsillo, 2914aGANDHI 1869 - 1948